Interior Design and Decoration (Record no. 28165)

MARC details
000 -LEADER
fixed length control field 00472nam a22001697a 4500
003 - CONTROL NUMBER IDENTIFIER
control field OSt
005 - DATE AND TIME OF LATEST TRANSACTION
control field 20250128172106.0
008 - FIXED-LENGTH DATA ELEMENTS--GENERAL INFORMATION
fixed length control field 250128b |||||||| |||| 00| 0 eng d
020 ## - INTERNATIONAL STANDARD BOOK NUMBER
International Standard Book Number 9788123911922
082 ## - DEWEY DECIMAL CLASSIFICATION NUMBER
Classification number 747
Item number SE3I
100 ## - MAIN ENTRY--PERSONAL NAME
Personal name Seetharaman, Premavathy
245 ## - TITLE STATEMENT
Title Interior Design and Decoration
Statement of responsibility, etc by Premavathy Seetharaman and Parveen Pannu
260 ## - PUBLICATION, DISTRIBUTION, ETC. (IMPRINT)
Place of publication, distribution, etc New Delhi
Name of publisher, distributor, etc CBS Publishers
Date of publication, distribution, etc 2025
300 ## - PHYSICAL DESCRIPTION
Extent 336p.
Other physical details PB
700 ## - ADDED ENTRY--PERSONAL NAME
Personal name Pannu, Parveen
942 ## - ADDED ENTRY ELEMENTS (KOHA)
Source of classification or shelving scheme Dewey Decimal Classification
Koha item type Books
Holdings
Withdrawn status Lost status Source of classification or shelving scheme Damaged status Not for loan Collection code Home library Current library Date acquired Source of acquisition Total Checkouts Full call number Barcode Date last seen Price effective from Koha item type
    Dewey Decimal Classification     General Text Book Central University Of Rajasthan Central University Of Rajasthan 28/01/2025 ARC   747 SE3I 046296 28/01/2025 28/01/2025 Books